ბათუმის შოთა რუსთაველის სახელმწიფო უნივერსიტეტის ბიბლიოთეკა

Provincializing Empire: (ბიბ.ჩანაწერი № 64012)

000 -LEADER
fixed length control field 00654nam a22001697a 4500
005 - DATE AND TIME OF LATEST TRANSACTION
control field 20260309125305.0
008 - FIXED-LENGTH DATA ELEMENTS--GENERAL INFORMATION
fixed length control field 260309s2023 enk||||| |||| 00| 0 eng d
020 ## - INTERNATIONAL STANDARD BOOK NUMBER
International Standard Book Number 9780520390119x
041 ## - LANGUAGE CODE
Language code of text/sound track or separate title eng
080 ## - UNIVERSAL DECIMAL CLASSIFICATION NUMBER
Universal Decimal Classification number 338(520) U-16
100 ## - MAIN ENTRY--PERSONAL NAME
Personal name Uchida, Jun
9 (RLIN) 27089
245 ## - TITLE STATEMENT
Title Provincializing Empire:
Remainder of title Omi Merchants in the Japanese Transpacific Diaspora /
Statement of responsibility, etc. Jun Uchida.
264 ## - PRODUCTION, PUBLICATION, DISTRIBUTION, MANUFACTURE, AND COPYRIGHT NOTICE
Place of production, publication, distribution, manufacture Oakland :
Name of producer, publisher, distributor, manufacturer University of California Press,
Date of production, publication, distribution, manufacture, or copyright notice 2023.
300 ## - PHYSICAL DESCRIPTION
Extent 362 p.:
Other physical details ill.;
Dimensions 23 cm.
653 ## - INDEX TERM--UNCONTROLLED
keyword ვაჭრები იაპონიის ტრანსწყნარი ოკეანის დიასპორაში
942 ## - ADDED ENTRY ELEMENTS (KOHA)
Source of classification or shelving scheme
Koha item type წიგნი
ეგზემპლარები
Withdrawn status Lost status Source of classification or shelving scheme Damaged status Not for loan Permanent Location Current Location Shelving location Date acquired Cost, normal purchase price Full call number Barcode Date last seen Copy number Uniform Resource Identifier Price effective from Koha item type Public note
          ბათუმის შოთა რუსთაველის სახელმწიფო უნივერსიტეტის მთავარი ბიბლიოთეკა ბათუმის შოთა რუსთაველის სახელმწიფო უნივერსიტეტის მთავარი ბიბლიოთეკა წიგნსაცავი 2026-03-09 17.00 338(520) U-16 73890 2026-03-09 73890 იაპონიის ელჩის საჩუქარი 2026-03-09 წიგნი 17 ლ.